Normal view
MARC view
Entry Personal Name
001 - CONTROL NUMBER
- control field: 234774
003 - CONTROL NUMBER IDENTIFIER
- control field: OSt
005 - DATE AND TIME OF LATEST TRANSACTION
- control field: 20250809091109.0
008 - FIXED-LENGTH DATA ELEMENTS
- fixed length control field: 250809|| aca||aabn | a|a d
040 ## - CATALOGING SOURCE
- Original cataloging agency: OSt
- Transcribing agency: OSt
100 ## - HEADING--PERSONAL NAME
- Personal name: BALAKRASHNA (J)
- Dates associated with a name: ಬಾಲಕೃಷ್ಣ(ಜೆ)
670 ## - SOURCE DATA FOUND
- Source citation: Work cat.: (OSt)104709: BALAKRASHNA (J) ಬಾಲಕೃಷ್ಣ(ಜೆ), Ninemba nanu: sufi emba manasika avasthe hagu sufi kategalu, 2001